| 000 | 00569nam a2200205 a 4500 | ||
|---|---|---|---|
| 001 | sa 68009884 | ||
| 003 | DLC | ||
| 005 | 20260227112548.0 | ||
| 008 | 980409s1965 ii 000 0 tam | ||
| 010 | _asa 68009884 | ||
| 040 |
_aDLC _cDLC |
||
| 050 | 0 | 0 |
_aPL4758.9.K374 _bK3 |
| 100 | 1 |
_aKarṇan̲, _d1936- |
|
| 245 | 1 | 0 |
_aKal man̲am / _cKarṇan̲. |
| 260 |
_aMaturai : _bMīn̲āṭci Puttakci nilaiyam, _c1965. |
||
| 300 |
_a136 p. ; _c18 cm. |
||
| 546 | _aIn Tamil. | ||
| 500 | _aShort stories published in various periodicals. | ||
| 500 | _a"Mīnāṭci, 57" | ||
| 999 |
_c83217 _d83217 |
||